01123 2200181 4500001002100000005001500021035002000036245005700056100001900113250001700132300002900149260003700178082001200215084001900227020002200246650001900268520065400287INLIS00000000000014620240509084802 a0010-05240000681 aDahsyatnya 25 Kisah Nabi dan Rasul /cGibran Rosyidi0 aGibran Rosyidi acetakan ke-1 a128 hlm :bilus ;c25 cm aSurabaya :bCahaya Agency,c2020 a297.246 a297.246 GIB d a978-602-766-941-3 4aNabi dan Rasul aNabi dan Rasul adalah manusia-manusia pilihan yang bertugas memberi peunjuk kepada manusia tentang keesaan allah swt dan membina mereka agar melaksanakan ajaran-Nya. Ciri-ciri mereka dikemukakan dalam Al-qur'an. Mengapa kita wajib mengimani 25 Nabi dan Rasul? Karena pada diri 25 Nabi dan Rasul tersebut terdapat suri tauladan yang sangat baik. Setiap Nabi dan Rasul menghadapi ujian dan tantangan yang berbeda. Diantara ujian yang diberikan kepada para Nabi dan Rasul itu ada ujian yang sangat berat, yaitu ujian yang diberikan kepada mereka yang disebut Ulul Azmi. Mereka adalah Nabi Nuh, Nabi Ibrahim, Nabi Musa, Nabi Isa dan Nabi Muhammad saw.